Sports Quiz

Random Sports or Tennis Quiz

Wimbledon Men's Champions in Order Quiz Stats

Quiz not verified by Sporcle

Challenge
Share
Tweet
Embed
Score 0/50 Timer 08:00
0 Plays Today
Year Champion % Correct
2007Roger Federer
95.9%
2010Rafael Nadal
95.9%
2004Roger Federer
95.4%
2005Roger Federer
95.4%
2006Roger Federer
95.4%
2008Rafael Nadal
95.4%
2009Roger Federer
95.4%
2011Novak Djokovic
95.4%
2012Roger Federer
95.1%
1997Pete Sampras
94.8%
1998Pete Sampras
94.8%
1999Pete Sampras
94.8%
2003Roger Federer
94.8%
2017Roger Federer
94.7%
2013Andy Murray
94.3%
2015Novak Djokovic
94%
2014Novak Djokovic
94%
1981John McEnroe
93.8%
1983John McEnroe
93.3%
1994Pete Sampras
93.3%
1995Pete Sampras
93.3%
2001Goran Ivanisevic
93.3%
2000Pete Sampras
92.8%
2016Andy Murray
92.4%
1980Bjorn Borg
92.3%
Year Champion % Correct
1982Jimmy Connors
92.3%
1989Boris Becker
92.3%
1992Andre Agassi
92.3%
2002Lleyton Hewitt
92.3%
1979Bjorn Borg
91.8%
1993Pete Sampras
91.8%
1977Bjorn Borg
91.2%
1978Bjorn Borg
91.2%
1976Bjorn Borg
90.2%
1984John McEnroe
90.2%
1990Stefan Edberg
89.7%
1986Boris Becker
89.2%
1988Stefan Edberg
89.2%
1968Rod Laver
88.1%
1985Boris Becker
88.1%
1969Rod Laver
86.1%
1991Michael Stich
85.1%
1987Pat Cash
84%
1996Richard Krajicek
84%
1970John Newcombe
83%
1974Jimmy Connors
83%
1975Arthur Ashe
80.4%
1971John Newcombe
79.4%
1972Stan Smith
76.8%
1973Jan Kodes
65.5%

You're not logged in!

Compare scores with friends on all Sporcle quizzes.
Join for Free
OR
Log In

You Might Also Like...

Show Comments

Extras

Top Quizzes Today


Score Distribution

Your Account Isn't Verified!

In order to create a playlist on Sporcle, you need to verify the email address you used during registration. Go to your Sporcle Settings to finish the process.

Report this User

Report this user for behavior that violates our Community Guidelines.

Details: